[Event "Haugaland Grand Prix - Åpent Rogalandsmesterskap"]
[Site "Scandic Maritim Hotel - Haugesund"]
[Date "2016.03.05"]
[Round "3"]
[White "Fossan, Aleksander"]
[Black "Melkevik, Johannes"]
[Result "1/2-1/2"]
[WhiteElo "1835"]
[BlackElo "2054"]
[PlyCount "112"]
[EventDate "2016.??.??"]

1. e4 e6 2. d4 d5 3. Nc3 Bb4 4. Nge2 dxe4 5. a3 Be7 6. Nxe4 Nf6 7. N2g3 Bd7 8.
Bd3 Bc6 9. Be3 Nbd7 10. O-O Nxe4 11. Nxe4 Nf6 12. f3 Nd5 13. Qe2 Bf6 14. Nxf6+
Qxf6 15. Bb5 Bxb5 16. Qxb5+ c6 17. Qxb7 O-O 18. Bf2 Rab8 19. Qxc6 Rfc8 20. Qa6
Rxc2 21. Rac1 Qg6 22. Qxa7 Rcxb2 23. Qc5 h6 24. g3 Nf4 25. Rcd1 Ne2+ 26. Kg2
Rc2 27. Qe5 Rbb2 28. Rb1 Rxb1 29. Rxb1 Nc1 30. Qb8+ Kh7 31. Rb2 Qd3 32. Rxc2
Qxc2 33. Qf4 Nd3 34. Qe3 g6 35. g4 Nxf2 36. Qxf2 Qb3 37. d5 Qxa3 38. dxe6 fxe6
39. Qd4 Qe7 40. Qe5 g5 41. h4 Kg6 42. h5+ Kf7 43. Qe4 Qf6 44. Kg3 e5 45. Kg2
Kg7 46. Qc4 Qd6 47. Kh3 Qf6 48. Qc7+ Kg8 49. Kg2 Kh8 50. Qc8+ Kg7 51. Qd7+ Kh8
52. Kf2 Kg8 53. Qf5 Qxf5 54. gxf5 Kg7 55. Ke3 Kf7 56. Kd3 Kg7
1/2-1/2

[Event "Haugaland Grand Prix - Åpent Rogalandsmesterskap"]
[Site "Scandic Maritim Hotel - Haugesund"]
[Date "2016.03.04"]
[Round "3"]
[White "Myge, Håvard"]
[Black "Hjørnevik, Knut Jarle"]
[Result "0-1"]
[WhiteElo "1841"]
[BlackElo "1946"]
[PlyCount "42"]
[EventDate "2016.??.??"]

1. e4 e6 2. d4 d5 3. e5 c5 4. c3 Nc6 5. Nf3 Qb6 6. Bd3 Bd7 7. O-O cxd4 8. cxd4
Nxd4 9. Nbd2 Nc6 10. Nb3 Qc7 11. Re1 Rc8 12. Bd2 Nge7 13. Rc1 Qb8 14. Bf4 Ng6
15. Qd2 Bb4 16. Qe3 Bxe1 17. Rxe1 Nb4 18. Bb1 Nc2 19. Bxc2 Rxc2 20. Nbd4 Rxb2
21. Qa3 Nxf4
0-1

[Event "Haugaland Grand Prix - Åpent Rogalandsmesterskap"]
[Site "Scandic Maritim Hotel - Haugesund"]
[Date "2016.03.06"]
[Round "4"]
[White "Vestly, Jan Vidar"]
[Black "Ferkingstad, Sjur"]
[Result "0-1"]
[WhiteElo "2047"]
[BlackElo "2300"]
[PlyCount "80"]
[EventDate "2016.??.??"]

1. e4 e6 2. d4 d5 3. Nd2 Nf6 4. e5 Nfd7 5. Bd3 c5 6. c3 Nc6 7. Ne2 cxd4 8. cxd4
f6 9. Nf4 Nxd4 10. Qh5+ Ke7 11. Ng6+ hxg6 12. exf6+ Nxf6 13. Qxh8 Kf7 14. Qh4
e5 15. Nf3 Nxf3+ 16. gxf3 Bf5 17. Bxf5 gxf5 18. Bg5 Be7 19. O-O d4 20. Rfe1 Qd5
21. Rac1 Bd6 22. Bxf6 gxf6 23. Qh7+ Ke6 24. Kg2 d3 25. Rcd1 Bc5 26. h4 Qd4 27.
Re3 d2 28. a3 Rd8 29. Qxb7 Rg8+ 30. Kf1 Qc4+ 31. Re2 Bxf2 32. Kxf2 Qxh4+ 33.
Kf1 Qh1+ 34. Kf2 Qxd1 35. Qc6+ Ke7 36. Qc7+ Kf8 37. Qd8+ Kg7 38. Qxd2 Qh1 39.
Ke3 f4+ 40. Kf2 Kh6
0-1

[Event "Haugaland Grand Prix - Åpent Rogalandsmesterskap"]
[Site "Scandic Maritim Hotel - Haugesund"]
[Date "2016.03.06"]
[Round "4"]
[White "Merkesvik, Amalie Isabel"]
[Black "Myge, Håvard"]
[Result "0-1"]
[WhiteElo "1646"]
[BlackElo "1841"]
[PlyCount "98"]
[EventDate "2016.??.??"]

1. e4 c5 2. Nf3 e6 3. d4 cxd4 4. Nxd4 Nc6 5. Nc3 a6 6. Be3 Qc7 7. Be2 Nf6 8. a3
b5 9. O-O Bb7 10. f4 Bc5 11. Kh1 Qb6 12. Nxc6 Bxe3 13. Ne5 Rd8 14. Bd3 h5 15.
Qe2 Bd4 16. Qd2 Bxc3 17. Qxc3 Nxe4 18. Bxe4 Bxe4 19. Rae1 Qb7 20. Qg3 g6 21.
Nd3 h4 22. Qh3 Bf5 23. Qf3 Qxf3 24. Rxf3 Rc8 25. c3 Rc4 26. Ne5 Re4 27. Rxe4
Bxe4 28. Re3 Bd5 29. Kg1 d6 30. Nd3 Kd7 31. Nb4 Bb7 32. Rh3 a5 33. Nc2 e5 34.
fxe5 dxe5 35. Ne1 Ke6 36. Nf3 e4 37. Nxh4 Rd8 38. Re3 Rd2 39. Nf3 Rxb2 40. Kf1
f5 41. Nd4+ Ke5 42. Re2 Rxe2 43. Kxe2 Kd5 44. Ke3 Kc4 45. Kd2 b4 46. axb4 axb4
47. Nxf5 bxc3+ 48. Kc2 gxf5 49. h4 e3
0-1

[Event "Haugaland Grand Prix - Åpent Rogalandsmesterskap"]
[Site "Scandic Maritim Hotel - Haugesund"]
[Date "2016.03.06"]
[Round "4"]
[White "Kizatbay, Alseit"]
[Black "Areklett, Ivar"]
[Result "1/2-1/2"]
[WhiteElo "1886"]
[BlackElo "2016"]
[PlyCount "133"]
[EventDate "2016.??.??"]

1. d4 Nf6 2. c4 Nc6 3. Nc3 e5 4. Nf3 d6 5. g3 Be7 6. d5 Nb8 7. Bg2 O-O 8. O-O
a5 9. b3 c6 10. Bb2 cxd5 11. cxd5 Na6 12. a3 Nd7 13. e4 Qb6 14. Na4 Qb5 15. Nc3
Qb6 16. Bc1 Ndc5 17. Rb1 f5 18. Be3 Qd8 19. Nd2 fxe4 20. Ndxe4 Bf5 21. Bxc5
Nxc5 22. Nxc5 dxc5 23. Ne4 Bd6 24. Rc1 Rc8 25. Qd2 Bxe4 26. Bxe4 b6 27. Qd3 g6
28. Bxg6 Rc7 29. Bf5 Qg5 30. Be6+ Kh8 31. Rc4 Qg6 32. Qe2 Qf6 33. Rg4 Re7 34.
Qb5 Bc7 35. Qd3 Bd6 36. Qe3 Rc7 37. b4 axb4 38. axb4 Ra7 39. b5 Ra2 40. Qg5
Qxg5 41. Rxg5 c4 42. Rf5 Rxf5 43. Bxf5 Rb2 44. Rc1 Rxb5 45. Rxc4 Rxd5 46. Rh4
Bc5 47. Rxh7+ Kg8 48. Rh5 Kg7 49. Be6 Rd1+ 50. Kg2 Rd2 51. Rxe5 Bxf2 52. Kf3
Kf6 53. Re4 Bc5 54. h4 Rd3+ 55. Kg2 Re3 56. Rxe3 Bxe3 57. Kf3 Bc5 58. Bc4 Bd4
59. g4 Bb2 60. Kf4 Be5+ 61. Ke4 Bg3 62. h5 Kg5 63. Kd5 Bf2 64. Ke5 Kxg4 65. h6
Be1 66. Kd4 Bh4 67. h7
1/2-1/2

[Event "Haugaland Grand Prix - Åpent Rogalandsmesterskap"]
[Site "Scandic Maritim Hotel - Haugesund"]
[Date "2016.03.04"]
[Round "4"]
[White "Emberland, Even"]
[Black "Jonvik, Aslak"]
[Result "1-0"]
[WhiteElo "1896"]
[BlackElo "1502"]
[PlyCount "99"]
[EventDate "2016.??.??"]

1. d4 Nf6 2. Bg5 d5 3. e3 c5 4. c3 Ne4 5. Bf4 cxd4 6. exd4 Qb6 7. Qc1 Qf6 8.
Nf3 h6 9. Bxb8 Rxb8 10. Bb5+ Kd8 11. O-O g5 12. Nbd2 Nd6 13. Bd3 h5 14. c4 Bf5
15. Qc3 Bxd3 16. Qxd3 dxc4 17. Nxc4 Bg7 18. Nxd6 Qxd6 19. Nxg5 Qf6 20. Nf3 Ke8
21. Rac1 h4 22. Ne5 a6 23. Rfd1 Rd8 24. Qb3 h3 25. g3 b5 26. Rc3 Qe6 27. Qxe6
fxe6 28. Rcd3 Rh5 29. f4 Kf8 30. Kf2 Bf6 31. Ke3 Kg8 32. Rc1 Rd6 33. Rc6 Kg7
34. Rdc3 Rh8 35. Rxd6 exd6 36. Rc7+ Kg8 37. Ng4 Bg7 38. Rd7 Kf8 39. Rxd6 Ke7
40. Rc6 Rd8 41. Rc7+ Kf8 42. Ne5 a5 43. Rc5 Rd5 44. Rxd5 exd5 45. Nf3 Ke7 46.
Ng1 Kd6 47. Nxh3 b4 48. b3 Kc6 49. Ng5 Kb5 50. h4
1-0

[Event "Haugaland Grand Prix - Åpent Rogalandsmesterskap"]
[Site "Scandic Maritim Hotel - Haugesund"]
[Date "2016.03.06"]
[Round "4"]
[White "Skrede, Snorre"]
[Black "Sande, Oddmund"]
[Result "1-0"]
[WhiteElo "1851"]
[BlackElo "1889"]
[PlyCount "51"]
[EventDate "2016.??.??"]

1. d4 d5 2. c4 e6 3. Nf3 c6 4. e3 f5 5. Nc3 Nf6 6. Be2 Bd6 7. Ne5 O-O 8. O-O
Nbd7 9. f4 Ne4 10. Nxe4 fxe4 11. Kh1 Nf6 12. g4 c5 13. g5 Bxe5 14. fxe5 Ne8 15.
Rxf8+ Kxf8 16. g6 hxg6 17. Qg1 Qh4 18. Bd2 g5 19. Rf1+ Ke7 20. Be1 Qh6 21. Qf2
Bd7 22. Qf8+ Kd8 23. Rf7 Bc6 24. Qe7+ Kc8 25. cxd5 exd5 26. Bg4+
1-0

[Event "Haugaland Grand Prix - Åpent Rogalandsmesterskap"]
[Site "Scandic Maritim Hotel - Haugesund"]
[Date "2016.03.06"]
[Round "4"]
[White "Melkevik, Johannes"]
[Black "Melkevik, Egil"]
[Result "1/2-1/2"]
[WhiteElo "2054"]
[BlackElo "1837"]
[PlyCount "46"]
[EventDate "2016.??.??"]

1. d3 e5 2. g3 d6 3. Bg2 Nf6 4. Nf3 Bg4 5. O-O c6 6. h3 Be6 7. Ng5 Bd7 8. e4 h6
9. Nf3 Na6 10. Be3 g5 11. Ne1 Qc8 12. Kh2 d5 13. f4 gxf4 14. gxf4 Rg8 15. Qf3
Bd6 16. Kh1 exf4 17. Bxf4 Bxf4 18. Qxf4 Bxh3 19. Rf3 Bxg2+ 20. Nxg2 Qg4 21.
Qxg4 Nxg4 22. exd5 Nb4 23. Nc3 cxd5
1/2-1/2

[Event "Haugaland Grand Prix - Åpent Rogalandsmesterskap"]
[Site "Scandic Maritim Hotel - Haugesund"]
[Date "2016.03.06"]
[Round "4"]
[White "Haubrick, Sidney Junior Barreto"]
[Black "Lie, Terje"]
[Result "1-0"]
[WhiteElo "1721"]
[BlackElo "1601"]
[PlyCount "99"]
[EventDate "2016.??.??"]

1. c4 Nf6 2. Nc3 e6 3. a3 c5 4. d3 Nc6 5. e3 Be7 6. Be2 b6 7. b3 Bb7 8. Bf3 O-O
9. Nge2 Rb8 10. O-O d5 11. cxd5 exd5 12. d4 Re8 13. Re1 cxd4 14. Nxd4 Ne5 15.
Be2 Ne4 16. Bb2 Nxc3 17. Bxc3 Bf6 18. Rc1 Rc8 19. Qd2 Nc6 20. Bg4 Nxd4 21. Bxc8
Nxb3 22. Bxf6 Qxf6 23. Qc3 Bxc8 24. Qxb3 Be6 25. Qb5 Ra8 26. Rc7 h6 27. Qc6 Qd8
28. Rd1 Qf8 29. h3 Kh7 30. g4 Kg8 31. f4 g6 32. a4 h5 33. gxh5 gxh5 34. Kh2 Rd8
35. Rxa7 Rc8 36. Qxb6 Rc2+ 37. Kh1 Qg7 38. Rg1 Rc1 39. Rxc1 Qf6 40. Rg1+ Kh7
41. Qb8 h4 42. Qg8+ Kh6 43. Qg5+ Qxg5 44. Rxg5 f6 45. Rg1 Bxh3 46. Ra6 d4 47.
exd4 Bc8 48. Rxf6+ Kh7 49. d5 h3 50. Kh2
1-0

[Event "Haugaland Grand Prix - Åpent Rogalandsmesterskap"]
[Site "Scandic Maritim Hotel - Haugesund"]
[Date "2016.03.06"]
[Round "4"]
[White "Grotle, Ramona"]
[Black "Fossan, Aleksander"]
[Result "0-1"]
[WhiteElo "1630"]
[BlackElo "1835"]
[PlyCount "80"]
[EventDate "2016.??.??"]

1. e4 c5 2. d3 g6 3. g3 Bg7 4. Bg2 Nc6 5. f4 d6 6. Nf3 e6 7. Nc3 Rb8 8. a4 a6
9. O-O b5 10. axb5 axb5 11. f5 Nge7 12. fxg6 hxg6 13. Ng5 Bd4+ 14. Kh1 Ne5 15.
Nxb5 Rxb5 16. c3 N7c6 17. cxd4 cxd4 18. Nf3 Bd7 19. Qe2 Qb8 20. Nxe5 Nxe5 21.
Qf2 Rb3 22. Ra3 Rxa3 23. bxa3 Rxh2+ 24. Kg1 Rh7 25. Qxd4 Ng4 26. Qb4 Qa7+ 27.
d4 e5 28. Rd1 Ke7 29. Rd3 Qa6 30. Qc3 Bb5 31. Qc7+ Bd7 32. Qc3 exd4 33. Qxd4
Ne5 34. Rc3 Qe2 35. Qd2 Qb5 36. Qb2 Qa6 37. Qd2 Ng4 38. Qg5+ Ke8 39. Qf4 Qa5
40. Qf3 Qh5
0-1

[Event "Haugaland Grand Prix - Åpent Rogalandsmesterskap"]
[Site "Scandic Maritim Hotel - Haugesund"]
[Date "2016.03.06"]
[Round "4"]
[White "Hjørnevik, Knut Jarle"]
[Black "Merkesvik, Sondre"]
[Result "0-1"]
[WhiteElo "1946"]
[BlackElo "2230"]
[PlyCount "42"]
[EventDate "2016.??.??"]

1. d4 Nf6 2. c4 g6 3. Nc3 d5 4. cxd5 Nxd5 5. e4 Nxc3 6. bxc3 Bg7 7. Nf3 c5 8.
Rb1 O-O 9. Be2 Qa5 10. Rb5 Qxc3+ 11. Bd2 Qa3 12. Rxc5 Nc6 13. Bc1 Qxa2 14. d5
Ne5 15. Nxe5 Bxe5 16. O-O Bd7 17. Bh6 Rfc8 18. Bc4 Qb2 19. Rxc8+ Rxc8 20. Qd3
b5 21. Rb1 bxc4
0-1

[Event "Haugaland Grand Prix - Åpent Rogalandsmesterskap"]
[Site "Scandic Maritim Hotel - Haugesund"]
[Date "2016.03.06"]
[Round "5"]
[White "Fossan, Aleksander"]
[Black "Skrede, Snorre"]
[Result "0-1"]
[WhiteElo "1835"]
[BlackElo "1851"]
[PlyCount "86"]
[EventDate "2016.??.??"]

1. e4 e5 2. Bc4 Nf6 3. d3 Nc6 4. Nf3 Be7 5. O-O d6 6. a4 Bg4 7. c3 a5 8. h3 Bh5
9. Re1 O-O 10. Nbd2 Kh8 11. Qc2 Bg6 12. Nh4 Nh5 13. Nf5 Bg5 14. Nf1 Bxc1 15.
Raxc1 Nf4 16. N1g3 Bxf5 17. exf5 Qg5 18. Kh2 h5 19. Rg1 h4 20. Ne2 Qxf5 21.
Nxf4 Qxf4+ 22. g3 hxg3+ 23. fxg3 Qh6 24. g4 f6 25. Rcf1 Ne7 26. Rg2 g5 27. Rh1
Ng6 28. Kg1 Kg7 29. Qb3 b6 30. Qb5 Rae8 31. b4 Re7 32. bxa5 bxa5 33. Qxa5 Nf4
34. Rgh2 Qh4 35. Kf1 Rb8 36. Ba2 Nxd3 37. Ke2 Qg3 38. Kd1 Qf3+ 39. Re2 Qxh1+
40. Kc2 e4 41. Rxe4 Qxe4 42. c4 Qe2+ 43. Kc3 Qe1+ 
0-1

[Event "Haugaland Grand Prix - Åpent Rogalandsmesterskap"]
[Site "Scandic Maritim Hotel - Haugesund"]
[Date "2016.03.06"]
[Round "5"]
[White "Areklett, Ivar"]
[Black "Vestly, Jan Vidar"]
[Result "1-0"]
[WhiteElo "2016"]
[BlackElo "2047"]
[PlyCount "49"]
[EventDate "2016.??.??"]

1. e4 e6 2. d3 c5 3. Nf3 Nc6 4. g3 g6 5. Bg2 Bg7 6. O-O Nge7 7. c3 e5 8. Be3 d6
9. d4 exd4 10. cxd4 Bg4 11. dxc5 Bxb2 12. Nbd2 Bxf3 13. Nxf3 Bxa1 14. Qxa1 Rf8
15. Rd1 d5 16. Ng5 Qd7 17. Nxh7 O-O-O 18. Nxf8 Rxf8 19. exd5 Rd8 20. Bf3 Qf5
21. dxc6 Qxf3 22. Rxd8+ Kxd8 23. Qh8+ Kc7 24. Qe5+ Kxc6 25. Qxe7
1-0

[Event "Haugaland Grand Prix - Åpent Rogalandsmesterskap"]
[Site "Scandic Maritim Hotel - Haugesund"]
[Date "2016.03.06"]
[Round "5"]
[White "Myge, Håvard"]
[Black "Kizatbay, Alseit"]
[Result "0-1"]
[WhiteElo "1841"]
[BlackElo "1886"]
[PlyCount "88"]
[EventDate "2016.??.??"]

1. c4 Nf6 2. Nc3 g6 3. Nf3 d6 4. d4 Bg7 5. g3 O-O 6. Bg2 c6 7. O-O Bf5 8. Qb3
Qc8 9. Re1 Ne4 10. Nd1 d5 11. Ne3 dxc4 12. Nxf5 gxf5 13. Qxc4 Nd7 14. e3 e6 15.
Nd2 Nxd2 16. Bxd2 Nf6 17. Rac1 Qd7 18. b4 Ne4 19. Rcd1 Nxd2 20. Rxd2 a5 21. Rb1
e5 22. d5 e4 23. d6 b5 24. Qc5 axb4 25. Bh3 Bc3 26. Bxf5 Qa7 27. Qxa7 Rxa7 28.
Rdd1 Rd8 29. d7 Kf8 30. Rd6 c5 31. Rc6 c4 32. Rd1 Rxa2 33. Rd5 b3 34. Rc8 Ke7
35. Rxd8 Kxd8 36. Rc5 Ba5 37. Rxb5 c3 38. Re5 Kc7 39. Rc5+ Kd8 40. Re5 Rd2 41.
Rxa5 c2 42. Ra8+ Ke7 43. Re8+ Kf6 44. Bg4 c1=Q+ 
0-1

[Event "Haugaland Grand Prix - Åpent Rogalandsmesterskap"]
[Site "Scandic Maritim Hotel - Haugesund"]
[Date "2016.03.06"]
[Round "5"]
[White "Sande, Oddmund"]
[Black "Emberland, Even"]
[Result "0-1"]
[WhiteElo "1889"]
[BlackElo "1896"]
[PlyCount "98"]
[EventDate "2016.??.??"]

1. d4 Nf6 2. Bg5 Ne4 3. Bh4 d5 4. f3 Nf6 5. c4 c6 6. Nc3 dxc4 7. a4 Nbd7 8. e4
e5 9. Bxc4 exd4 10. Qxd4 Bc5 11. Qd2 Nxe4 12. Bxd8 Nxd2 13. Kxd2 Kxd8 14. Bxf7
Ne5 15. Bb3 Bf5 16. Bc2 Nc4+ 17. Kc1 Be3+ 18. Kd1 Nxb2+ 19. Ke2 Bxc2 20. Kxe3
Nc4+ 21. Kf2 Kc7 22. Nge2 Rad8 23. Rhc1 Bg6 24. Nf4 Rd2+ 25. Nce2 Bf7 26. Ke1
Re8 27. Rd1 Rb2 28. Rdb1 Rxb1+ 29. Rxb1 g5 30. Nh3 Bg6 31. Ra1 Bd3 32. Nhg1 Ne3
33. Kd2 Bg6 34. g3 Nd5 35. Nd4 a6 36. Nge2 Re3 37. Rc1 Kd6 38. g4 c5 39. Nf5+
Bxf5 40. gxf5 Rxf3 41. Ng3 Rf4 42. Re1 c4 43. Re6+ Kd7 44. Rh6 c3+ 45. Kc2 Rf2+
46. Kc1 Nb4 47. Rxh7+ Kd8 48. Rh8+ Kc7 49. Rh7+ Kb6 
0-1

[Event "Haugaland Grand Prix - Åpent Rogalandsmesterskap"]
[Site "Scandic Maritim Hotel - Haugesund"]
[Date "2016.03.06"]
[Round "5"]
[White "Jonvik, Aslak"]
[Black "Hjørnevik, Knut Jarle"]
[Result "0-1"]
[WhiteElo "1502"]
[BlackElo "1946"]
[PlyCount "48"]
[EventDate "2016.??.??"]

1. e4 e6 2. d4 d5 3. e5 c5 4. c3 Nc6 5. Nf3 Qb6 6. Be2 Nh6 7. Bxh6 gxh6 8. b3
cxd4 9. cxd4 Bb4+ 10. Kf1 Bd7 11. a3 Bf8 12. Nc3 Bg7 13. Na4 Qc7 14. Rc1 O-O
15. Bd3 f6 16. h4 fxe5 17. dxe5 Rxf3 18. Qxf3 Rf8 19. Qe2 Qb8 20. Nc5 Bc8 21.
Qc2 Nxe5 22. Bxh7+ Kh8 23. Nd3 Ng4 24. Bg6 Ne3+
0-1

[Event "Haugaland Grand Prix - Åpent Rogalandsmesterskap"]
[Site "Scandic Maritim Hotel - Haugesund"]
[Date "2016.03.06"]
[Round "5"]
[White "Ali, Karim"]
[Black "Haubrick, Sidney Junior Barreto"]
[Result "1-0"]
[WhiteElo "1789"]
[BlackElo "1721"]
[PlyCount "57"]
[EventDate "2016.??.??"]

1. e3 c5 2. b3 Nc6 3. Bb2 a6 4. Nf3 d6 5. Be2 e6 6. O-O Nf6 7. c4 Be7 8. Nc3 b6
9. d4 O-O 10. d5 Nb8 11. Qd3 Bb7 12. dxe6 fxe6 13. Ng5 Qd7 14. Bg4 Qc6 15.
Bxe6+ Kh8 16. Bd5 Qd7 17. Bxb7 Qxb7 18. Nd5 h6 19. Nxf6 g6 20. Qxg6 Bxf6 21.
Bxf6+ Rxf6 22. Qxf6+ Qg7 23. Qd8+ Qg8 24. Nf7+ Kh7 25. Qf6 Qf8 26. Rad1 Ra7 27.
Qf5+ Kg7 28. Nxh6 Qxf5 29. Nxf5+
1-0

[Event "Haugaland Grand Prix - Åpent Rogalandsmesterskap"]
[Site "Scandic Maritim Hotel - Haugesund"]
[Date "2016.03.06"]
[Round "5"]
[White "Fossan, Benjamin"]
[Black "Melkevik, Johannes"]
[Result "1/2-1/2"]
[WhiteElo "1873"]
[BlackElo "2054"]
[PlyCount "87"]
[EventDate "2016.??.??"]

1. e4 e6 2. d4 d5 3. Nc3 Bb4 4. Nge2 dxe4 5. a3 Be7 6. Nxe4 Nf6 7. Qd3 Nxe4 8.
Qxe4 Nd7 9. Bf4 Nf6 10. Qf3 c5 11. O-O-O Qb6 12. Be5 Bd7 13. Nc3 Bc6 14. Qg3
Rc8 15. Bc4 cxd4 16. Bxd4 Qa5 17. Bb3 Nh5 18. Qg4 Qg5+ 19. Qxg5 Bxg5+ 20. Kb1
a6 21. f3 Bf6 22. Bxf6 Nxf6 23. Rd2 Ke7 24. Rhd1 Rhd8 25. Kc1 Nh5 26. Ne2 Rxd2
27. Rxd2 Nf6 28. c4 b5 29. Rc2 bxc4 30. Bxc4 Bb7 31. Nf4 e5 32. Nd3 Kd6 33.
Bxf7 Rxc2+ 34. Kxc2 e4 35. Ne1 Ke5 36. Kd2 g5 37. Bc4 Kd4 38. b3 a5 39. a4 h5
40. Nc2+ Kc5 41. Ke3 exf3 42. gxf3 Bc6 43. Bf7 Nd5+ 44. Kf2 
1/2-1/2

[Event "Haugaland Grand Prix - Åpent Rogalandsmesterskap"]
[Site "Scandic Maritim Hotel - Haugesund"]
[Date "2016.03.04"]
[Round "5"]
[White "Melkevik, Egil"]
[Black "Mansoor, Afras"]
[Result "1-0"]
[WhiteElo "1837"]
[BlackElo "1747"]
[PlyCount "123"]
[EventDate "2016.??.??"]

1. e4 c6 2. d3 d5 3. Nd2 e6 4. g3 Nf6 5. Bg2 Nbd7 6. Ngf3 Bd6 7. Qe2 Qc7 8. O-O
O-O 9. Re1 dxe4 10. dxe4 e5 11. Nc4 b6 12. Nxd6 Qxd6 13. Bg5 Bb7 14. Nh4 h6 15.
Rad1 Qc7 16. Bc1 Rad8 17. Nf5 Nc5 18. g4 Ne6 19. Qf3 Rxd1 20. Rxd1 Rd8 21. Re1
Nh7 22. h4 f6 23. Qb3 Bc8 24. Bh3 Kh8 25. Kh2 Nd4 26. Qc3 Bxf5 27. gxf5 c5 28.
Bg4 Qf7 29. Rg1 Nf8 30. Qg3 Rd7 31. c3 Nb5 32. Qf3 Nc7 33. Bh5 Qe7 34. Qg3 Kh7
35. Bxh6 Kh8 36. Bc1 Ne8 37. Bh6 Nd6 38. Qe3 Qd8 39. Qg3 Qe7 40. f3 Nc4 41. Bc1
Qd8 42. Qg4 Qe7 43. Bg6 Rd3 44. Qh5+ Kg8 45. Bh6 Nxg6 46. Rxg6 Rd7 47. Rxg7+
Qxg7 48. Qe8+ Kh7 49. Bxg7 Rxg7 50. Qb5 Ne3 51. Qe2 Ng2 52. Qxg2 Rxg2+ 53. Kxg2
Kh6 54. c4 Kh5 55. Kg3 a6 56. a4 a5 57. b3 Kh6 58. Kg4 Kg7 59. f4 Kh6 60. fxe5
fxe5 61. h5 Kg7 62. Kg5 
1-0

[Event "Haugaland Grand Prix - Åpent Rogalandsmesterskap"]
[Site "Scandic Maritim Hotel - Haugesund"]
[Date "2016.03.06"]
[Round "5"]
[White "Lie, Terje"]
[Black "Grotle, Ramona"]
[Result "1/2-1/2"]
[WhiteElo "1601"]
[BlackElo "1630"]
[PlyCount "137"]
[EventDate "2016.??.??"]

1. d4 Nf6 2. c4 e6 3. Nf3 d5 4. Nc3 Bb4 5. Bd2 O-O 6. a3 Bxc3 7. Bxc3 Nbd7 8.
e3 Ne4 9. Qc2 Ndf6 10. b4 a6 11. Bb2 a5 12. b5 c6 13. a4 cxb5 14. cxb5 Bd7 15.
Ne5 Rc8 16. Qd3 Qb6 17. Be2 Rc7 18. O-O Rfc8 19. Rfc1 Nd6 20. Nxd7 Nxd7 21.
Rxc7 Rxc7 22. Rc1 Rxc1+ 23. Bxc1 Qc7 24. Qd1 Nb6 25. Bb2 Ndc4 26. Ba1 Qd6 27.
Bc3 Qa3 28. Bxc4 Nxc4 29. Qa1 Qb3 30. g3 Kf8 31. Kg2 Ke7 32. Kf3 b6 33. h4 h5
34. e4 Nd2+ 35. Kg2 Nxe4 36. Be1 Qc4 37. Qd1 g6 38. Qa1 Nd6 39. Qc3 Qxc3 40.
Bxc3 Nc4 41. Kf3 f6 42. Kf4 Kd6 43. f3 e5+ 44. dxe5+ Nxe5 45. Bd4 g5+ 46. hxg5
fxg5+ 47. Kf5 Nxf3 48. Bxb6 h4 49. gxh4 gxh4 50. Kg4 Ne5+ 51. Kxh4 Nc4 52. Bd4
Ke6 53. Kg4 Nd6 54. Kf4 Nc4 55. Bc3 Kd6 56. Bd4 Ke6 57. Kg5 Nd6 58. Kg6 Nc4 59.
Bc3 Nb6 60. Bxa5 Nxa4 61. Bc7 d4 62. Kg5 Kd5 63. Kf4 Kc4 64. b6 Nxb6 65. Bxb6
d3 66. Ba5 Kb3 67. Ke3 Kc2 68. Bd2 Kb3 69. Kxd3 
1/2-1/2